000 00285nam a22001337a 4500
008 180115b xxu||||| |||| 00| 0 eng d
020 _a9780669444025
041 _aeng
080 _a37
100 _a47
101 _aEDU
245 _aWrite for college
_cBachman,L
942 _2udc
_cBK
999 _c40268
_d40268